000 00297nam a22001337a 4500
008 190205b xxu||||| |||| 00| 0 eng d
020 _a9780805373653
041 _aeng
080 _24th
_a573
100 _a11
101 _aBIO
245 _aInvestigating Biology
_cMorgan,J.G
942 _2udc
_cBK
999 _c53942
_d53942